Topics in ring theory /

Guardado en:
Autor Principal: Barshay, Jacob.
Formato: Libro
Idioma:English
Publicado: New York : W. A. Benjamin, 1969.
Series:Mathematics lecture note series
Materias:
Etiquetas: Agregar Etiqueta
Sin Etiquetas, Sea el primero en etiquetar este registro!
LEADER 00695cam a2200241 a 4500
001 MAT.inmabb003056
008 691224s1969####nyu######b####001#0#eng##
005 20130322172246.0
245 1 0 |a Topics in ring theory /  |c Jacob Barshay. 
260 |a New York :  |b W. A. Benjamin,  |c 1969. 
300 |a 145 p. ;  |c 24 cm. 
440 0 |a Mathematics lecture note series 
504 |a Bibliografía: p. 141. 
510 4 |a MR,  |c 41 #1772 
020 |a 0805305505 
020 |a 0805305513 (pbk.) 
100 1 |a Barshay, Jacob. 
084 |a 16  |2 msc2000 
650 0 |a Rings (Algebra) 
650 0 |a Modules (Algebra) 
010 |a  72099276  
040 |a DLC  |c DLC  |d ICU  |d DLC 
859 |h 16  |i B282  |p A-4306  |b BIB. MATEMATICA